<?xml version="1.0" encoding="UTF-8"?>
<marc:record xmlns:marc="http://www.loc.gov/MARC21/slim">
   <marc:leader>00000nam a2200000 a 4500</marc:leader>
   <marc:datafield ind1="1" ind2=" " tag="100">
      <marc:subfield code="a">Kerr, Philip</marc:subfield>
      <marc:subfield code="4">aut</marc:subfield>
      <marc:subfield code="e">Verfasser/-in</marc:subfield>
   </marc:datafield>
   <marc:datafield ind1="0" ind2="0" tag="245">
      <marc:subfield code="a">Winterpferde</marc:subfield>
   </marc:datafield>
   <marc:datafield ind1="0" ind2="0" tag="245">
      <marc:subfield code="c">Kerr, Philip</marc:subfield>
   </marc:datafield>
   <marc:datafield ind1=" " ind2="1" tag="264">
      <marc:subfield code="a">Reinbek bei Hamburg</marc:subfield>
      <marc:subfield code="b">Rowohlt Taschenbuch Verlag</marc:subfield>
      <marc:subfield code="c">2015</marc:subfield>
   </marc:datafield>
   <marc:datafield ind1="1" ind2=" " tag="520">
      <marc:subfield code="a">Der Roman beschreibt die tief berührende Flucht eines Mädchens durch die winterliche Ukraine in Begleitung zweier seltener Przewalski-Pferde während des Zweiten Weltkriegs: Als die Nazis auf ihrem russischen Feldzug 1941 das Naturreservat Askania-Nowa besetzen, muss Max, der treue Tierwärter, hilflos mit ansehen, wie die seltenen Tiere abgeschlachtet werden - darunter auch seine kostbaren Przewalski-Pferde. Gleichzeitig hält sich die 15-jährige russische Jüdin Kalinka dort versteckt. Sie hat das Vertrauen von zwei Przewalski-Pferden gewonnen, die nun - genau wie Kalinka - in großer Gefahr sind. Mit Hilfe von Max flieht Kalinka in Begleitung der beiden Pferde Hunderte von Kilometern über die eisige Ukraine Richtung Rote Armee in dem verzweifelten Versuch, die Pferde - und sich selbst - vor den Nazis zu retten. (Verlagstext)</marc:subfield>
   </marc:datafield>
   <marc:datafield ind1=" " ind2=" " tag="020">
      <marc:subfield code="a">9783499217159</marc:subfield>
      <marc:subfield code="9">9783499217159</marc:subfield>
   </marc:datafield>
   <marc:datafield ind1=" " ind2=" " tag="020">
      <marc:subfield code="a">3499217155</marc:subfield>
      <marc:subfield code="9">3499217155</marc:subfield>
   </marc:datafield>
   <marc:datafield ind1=" " ind2=" " tag="041">
      <marc:subfield code="a">ger</marc:subfield>
   </marc:datafield>
   <marc:datafield ind1=" " ind2=" " tag="300">
      <marc:subfield code="a">286 S.</marc:subfield>
   </marc:datafield>
</marc:record>
